Premier League Teams Quiz – 1997/98 - Statistics

General Stats
  • This quiz has been taken 5 times
  • The average score is 13 of 20
Answer Stats
Position Club % Correct
1st Arsenal
100%
7th Aston Villa
100%
5th Leeds
100%
10th Leicester
100%
2nd Manchester United
100%
14th Tottenham
100%
8th West Ham
100%
4th Chelsea
75%
17th Everton
75%
3rd Liverpool
75%
13th Newcastle
75%
12th Southampton
75%
6th Blackburn
50%
18th Bolton
50%
11th Coventry
50%
9th Derby
50%
20th Crystal Palace
25%
16th Sheffield Wed
25%
19th Barnsley
0%
15th Wimbledon FC
0%
No matching quizzes found
Score Distribution
Percent of People with Each Score
Percentile by Number Answered
Your Score History
You have not taken this quiz